Views sought on Carsberg review (Record no. 118190)

MARC details
000 -LEADER
fixed length control field 01139cam a2200229 4500
001 - CONTROL NUMBER
control field WB@3612-668
008 - FIXED-LENGTH DATA ELEMENTS--GENERAL INFORMATION
fixed length control field 041019n2004 000 0 eng u
035 ## - SYSTEM CONTROL NUMBER
System control number (Sirsi) u127759
245 ## - TITLE STATEMENT
Title Views sought on Carsberg review
260 ## - PUBLICATION, DISTRIBUTION, ETC.
Date of publication, distribution, etc. 2004
490 ## - SERIES STATEMENT
Series statement RICS Press Release
Volume/sequential designation (pr092) 14 October 2004 (1)
520 ## - SUMMARY, ETC.
Summary, etc. Sir Bryan Carsberg was asked by RICS in the summer of 2004 to look at its consumer protection role across the land, property and construction sectors. He has now published a consultation document as part of his wide-ranging independent review of RICS's regulatory role and is seeking for views from RICS members (both as individuals and as firms); client and consumer groups; government and other interested parties. The review can be found on the RICS website and the deadline for comment is 19 November 2004. http://www.rics.org/RICSWEB/getpage.aspx?p=HibbX9v OJkyINBwawqplqQ==
590 ## - LOCAL NOTE (RLIN)
Local note WB
590 ## - LOCAL NOTE (RLIN)
Local note WB
650 ## - SUBJECT ADDED ENTRY--TOPICAL TERM
Topical term or geographic name entry element MEMBERS
650 ## - SUBJECT ADDED ENTRY--TOPICAL TERM
Topical term or geographic name entry element PROFESSIONAL CONDUCT
650 ## - SUBJECT ADDED ENTRY--TOPICAL TERM
Topical term or geographic name entry element PROFESSIONAL BODIES
650 ## - SUBJECT ADDED ENTRY--TOPICAL TERM
Topical term or geographic name entry element SELF-REGULATION
650 ## - SUBJECT ADDED ENTRY--TOPICAL TERM
Topical term or geographic name entry element RICS
690 ## - LOCAL SUBJECT ADDED ENTRY--TOPICAL TERM (OCLC, RLIN)
Topical term or geographic name as entry element PROFESSIONAL PRACTICE
942 ## - ADDED ENTRY ELEMENTS (KOHA)
Suppress in OPAC 0
Holdings
Withdrawn status Lost status Source of classification or shelving scheme Damaged status Not for loan Home library Current library Shelving location Date acquired Total Checkouts Full call number Barcode Date last seen Copy number Price effective from Koha item type
    Dewey Decimal Classification     London London News article 19/10/2004   WB4040-13 127759-1001 06/08/2019 1 06/08/2019 News article